1991 1246 1735 1092 1426 1138 1079 1613 1197 1382 1563 1640 1121 1814 1027 1654 1896 1508 1066 1445 1269 1097 1916 1019 1136 1337 1588 1356 1873 1652 1832 1918 1207 1359 1026 1766 1387 1644 1574 1415 1065 1410 1729 1362 1937 1500 1320 1497 1844 1801 1659 1165 1430 1348 1473 1715 1514 1190 1892 1843 1567 1597 1761 1415 1949 1475 1783 1653 1449 1217 1763 1460 1057 1518 1203 1777 1704 1657 1466 1069 1287 1021 1184 1283 1675 1555 1433 1714 1666 1439 1593 1638 1589 1762 1366 1469 1376 1723 1164 BCNSPRNW ULIB Ver.6.0+V

เปลี่ยนเป็นภาษาไทย

Change to English
 แสดงรายละเอียดบรรณานุกรม
  กลับหน้าหลัก

Brief Record : Get Marc (ISO 2709) : E-mail record : QR code < ปิดหน้าต่าง
LEADER : 00000nam 2200000uu 4500
001    13399119988
003     ULIB
008    120820s2552||||th 000 0 tha d
020    ^a978611500005
090    ^aนว.^bณ429ร
100 0  ^aณารา
245 00 ^aรอยรักหักเหลี่ยมตะวัน/^cณารา
250    ^aพิมพ์ครั้งที่ 4
260    ^aกรุงเทพฯ :^bพิมพ์คำ,^c2552
300    ^a550 หน้า
945    ^p0^l0^i17000
995    ^aกัณชพร
999 ^a ใช้งานได้ทุกระบบ
รายการนี้ยังไม่มีแท็ก
คุณยังไม่ได้ล็อกอิน คุณสามารถมีกิจกรรมร่วมกับเว็บไซต์ได้ แต่ต้องล็อกอินก่อน ::
  ล็อกอิน

รายการสื่อสารสนเทศ

ลำดับที่ ประเภท เลขเรียก/บาร์โค้ด สถานที่ สถานะ
1. นวนิยาย
นวนิยาย
นว. ณ429ร  
  Barcode: 17000
ห้องสมุดวิทยาเขตสวรรค์ประชารักษ์
►นวนิยาย
บนชั้น
  ขอยืม

รายการใกล้เคียง
    ผู้แต่ง [ณารา]

BibComment


ยังไม่เคยถูกคอมเมนท์

คอมเมนท์ทรัพยากรรายการนี้
  คอมเมนท์: รอยรักหักเหลี่ยม..


 Copyright 2026. Bcnsprnw @Library